[Event "Vienna Silvester op-B"]
[Site "Vienna"]
[Date "2021.12.28"]
[Round "2"]
[White "Hoedl, Florian"]
[Black "Roehrbacher, Franz"]
[Result "0-1"]
[WhiteElo "1238"]
[BlackElo "1691"]
[PlyCount "52"]
[EventDate "2021.12.27"]
[EventType "swiss"]
[EventRounds "7"]
[EventCountry "AUT"]
[SourceTitle "EXT 2023"]
[Source "ChessBase"]
[SourceDate "2022.10.05"]
[SourceVersion "1"]
[SourceVersionDate "2022.10.05"]
[SourceQuality "1"]

1. b3 Nf6 2. Bb2 d5 3. e3 Nc6 4. Nf3 Bg4 5. Be2 e6 6. Nd4 Nxd4 7. Bxd4 Bxe2 8. Qxe2 c6 9. d3 Bd6 10. Nd2 e5 11. Bb2 0-0 12. 0-0 Re8 13. c4 e4 14. Rac1 exd3 15. Qxd3 dxc4 16. Qxc4 Qc7 17. Qh4 Be5 18. Bxe5 Rxe5 19. Nf3 Rh5 20. Qg3 Qa5 21. Rc2 Rd8 22. Nd4 Rhd5 23. f3 c5 24. Ne2 Rd1 25. Qe5 Rxf1+ 26. Kxf1 Rd1+ 0-1